[Event "Moscow-chT U26 final"]
[Site "Moscow"]
[Date "2010.11.21"]
[Round "6"]
[White "Aldokhin, Ivan"]
[Black "Khrustalev, Alexsander"]
[Result "1-0"]
[WhiteElo "2412"]
[BlackElo "1976"]
[PlyCount "53"]
[EventDate "2010.11.07"]
[EventType "team-tourn"]
[EventRounds "9"]
[EventCountry "RUS"]
[SourceTitle "EXT 2012"]
[Source "ChessBase"]
[SourceDate "2011.11.24"]
[SourceVersion "1"]
[SourceVersionDate "2011.11.24"]
[SourceQuality "1"]

1. e4 c6 2. Nf3 d5 3. exd5 cxd5 4. Ne5 Nf6 5. d4 Nc6 6. c3 e6 7. Bd3 Be7 8. f4 Qc7 9. 0-0 0-0 10. Nd2 Bd7 11. Qe2 Bd6 12. Ndf3 a6 13. Nxd7 Qxd7 14. Ne5 Qc7 15. Rf3 g6 16. Qe1 Ne7 17. Qh4 Nf5 18. Qe1 h5 19. Bd2 Rae8 20. h3 b5 21. Qe2 Kg7 22. g4 Ne7 23. Re1 Qb8 24. Qg2 Qc7 25. f5 exf5 26. gxf5 Rg8 27. Qg5 1-0

[Event "Moscow op-B 04th"]
[Site "Moscow"]
[Date "2008.02.08"]
[Round "7"]
[White "Rossal, Valeriy I"]
[Black "Khrustalev, Alexsander"]
[Result "1-0"]
[WhiteElo "2146"]
[BlackElo "2003"]
[PlyCount "67"]
[EventDate "2008.02.02"]
[EventType "swiss"]
[EventRounds "9"]
[EventCountry "RUS"]
[SourceTitle "CBM 122 Extra"]
[Source "ChessBase"]
[SourceDate "2008.03.04"]
[SourceVersion "1"]
[SourceVersionDate "2008.03.04"]
[SourceQuality "1"]

1. Nf3 c6 2. d4 d5 3. b3 Nf6 4. Bb2 Bf5 5. e3 e6 6. Bd3 Bxd3 7. Qxd3 Nbd7 8. Nbd2 Bd6 9. 0-0 0-0 10. Ne5 Qc7 11. f4 c5 12. c4 Qb6 13. Kh1 cxd4 14. exd4 Bb4 15. Nxd7 Nxd7 16. c5 Qd8 17. Nf3 Nf6 18. Qb5 Ba5 19. Qxb7 Bc7 20. g3 g6 21. Rae1 Ne4 22. Ng5 Nxg5 23. fxg5 Ba5 24. Re5 Bc7 25. Re2 Ba5 26. h4 Bc7 27. Kg2 Re8 28. Bc1 Re7 29. Qb4 Ba5 30. Qa3 Bc3 31. Bb2 Bxb2 32. Qxb2 Rb8 33. Qc3 Reb7 34. Qb2 1-0

[Event "Moscow op-B 04th"]
[Site "Moscow"]
[Date "2008.02.02"]
[Round "1"]
[White "Uzhva, Andrey Nikolaevich"]
[Black "Khrustalev, Alexsander"]
[Result "1-0"]
[WhiteElo "2261"]
[BlackElo "2003"]
[PlyCount "71"]
[EventDate "2008.02.02"]
[EventType "swiss"]
[EventRounds "9"]
[EventCountry "RUS"]
[SourceTitle "CBM 122 Extra"]
[Source "ChessBase"]
[SourceDate "2008.03.04"]
[SourceVersion "1"]
[SourceVersionDate "2008.03.04"]
[SourceQuality "1"]

1. e4 c6 2. Nf3 d5 3. Nc3 Bg4 4. h3 Bxf3 5. Qxf3 e6 6. d4 Nd7 7. exd5 cxd5 8. Ne2 Ngf6 9. Ng3 Qc7 10. Bd3 Bd6 11. 0-0 0-0 12. Nh5 Nxh5 13. Qxh5 f5 14. c3 a6 15. Qe2 Rae8 16. Qc2 Nf6 17. Bd2 Ne4 18. Rae1 Bf4 19. Bxf4 Qxf4 20. Re2 Rf6 21. Qc1 Qd6 22. Rfe1 Rg6 23. c4 Rc8 24. c5 Qc7 25. b4 Rf8 26. a4 h5 27. Rc2 f4 28. f3 Rg3 29. Bxe4 dxe4 30. Rxe4 Rf6 31. Rce2 Qf7 32. Qc4 Kh7 33. Rxe6 Qg6 34. Rxf6 gxf6 35. Qc2 Qxc2 36. Rxc2 1-0

[Event "Moscow Petrosian Memorial U18"]
[Site "Moscow"]
[Date "2008.01.??"]
[Round "1"]
[White "Dubov, Danil"]
[Black "Khrustalev, Alexsander"]
[Result "0-1"]
[WhiteElo "2113"]
[BlackElo "2003"]
[PlyCount "96"]
[EventDate "2008.01.??"]
[EventType "swiss"]
[EventRounds "9"]
[EventCountry "RUS"]
[SourceTitle "CBM 122 Extra"]
[Source "ChessBase"]
[SourceDate "2008.03.04"]
[SourceVersion "1"]
[SourceVersionDate "2008.03.04"]
[SourceQuality "1"]

1. d4 d5 2. c4 e6 3. Nc3 Nf6 4. cxd5 exd5 5. Bg5 Be7 6. e3 c6 7. Bd3 0-0 8. Qc2 Nbd7 9. Nge2 Re8 10. 0-0 Nf8 11. f3 Nh5 12. Bxe7 Qxe7 13. e4 Nf6 14. e5 N6d7 15. f4 Nb6 16. f5 Qg5 17. Nf4 Nc4 18. Bxc4 dxc4 19. Ne4 Bxf5 20. Rae1 Bxe4 21. Rxe4 b5 22. Qf2 Qf5 23. Re3 Ne6 24. Rf3 Ng5 25. Rc3 Ne6 26. Qe3 Nxf4 27. Rxf4 Qe6 28. Rc1 Rad8 29. Rcf1 Rd7 30. Qg3 c5 31. dxc5 Qxe5 32. Rf5 Qxg3 33. hxg3 a6 34. b4 f6 35. a4 Rd2 36. axb5 axb5 37. c6 c3 38. Rxb5 Ree2 39. Kh2 Rxg2+ 40. Kh3 Rh2+ 41. Kg4 Rd4+ 42. Rf4 c2 43. Rc5 f5+ 44. Kxf5 Rh5+ 45. Ke6 Rxc5 46. Rxd4 Rxc6+ 47. Ke7 Rc7+ 48. Ke6 h6 0-1

[Event "Dubna op"]
[Site "Dubna"]
[Date "2007.08.11"]
[Round "13"]
[White "Bounin, Mikhail"]
[Black "Khrustalev, Alexsander"]
[Result "1/2-1/2"]
[WhiteElo "2265"]
[BlackElo "1932"]
[PlyCount "92"]
[EventDate "2007.08.02"]
[EventType "swiss"]
[EventRounds "14"]
[EventCountry "RUS"]
[SourceTitle "EXT 2008"]
[Source "ChessBase"]
[SourceDate "2007.11.25"]
[SourceVersion "1"]
[SourceVersionDate "2007.11.25"]
[SourceQuality "1"]

1. Nf3 c6 2. g3 d5 3. Bg2 Nf6 4. 0-0 Bg4 5. d4 e6 6. Nbd2 Nbd7 7. c4 Bd6 8. Qb3 Qc7 9. e4 dxe4 10. Ng5 0-0 11. Ngxe4 Nxe4 12. Nxe4 Be7 13. Bf4 Qb6 14. Qe3 c5 15. dxc5 Bxc5 16. Nxc5 Nxc5 17. Be5 Nd7 18. Bd4 Qc7 19. Bxg7 Kxg7 20. Qg5+ Kh8 21. Qxg4 f5 22. Qe2 Rae8 23. b4 b6 24. f4 a5 25. a3 Kg7 26. Rac1 axb4 27. axb4 e5 28. Qb2 Rf6 29. fxe5 Qxe5 30. Qxe5 Rxe5 31. Rcd1 Re7 32. Rfe1 Rxe1+ 33. Rxe1 Kf8 34. Bd5 f4 35. Kg2 fxg3 36. Kxg3 Nb8 37. Ra1 Ke7 38. Be4 h6 39. c5 bxc5 40. bxc5 Nc6 41. Ra6 Nd4 42. Ra7+ Kd8 43. Ra4 Ne6 44. Ra5 Nd4 45. Ra4 Ne6 46. Rb4 Nxc5 1/2-1/2

[Event "Dubna op"]
[Site "Dubna"]
[Date "2007.08.10"]
[Round "12"]
[White "Khrustalev, Alexsander"]
[Black "Mikhailov, Stepan Fedorovich"]
[Result "1/2-1/2"]
[WhiteElo "1932"]
[BlackElo "1990"]
[PlyCount "28"]
[EventDate "2007.08.02"]
[EventType "swiss"]
[EventRounds "14"]
[EventCountry "RUS"]
[SourceTitle "EXT 2008"]
[Source "ChessBase"]
[SourceDate "2007.11.25"]
[SourceVersion "1"]
[SourceVersionDate "2007.11.25"]
[SourceQuality "1"]

1. b4 d5 2. Bb2 e6 3. e3 c5 4. bxc5 Nf6 5. d4 Be7 6. Bd3 0-0 7. Nf3 b6 8. cxb6 Qxb6 9. Qc1 Ba6 10. Ne5 Nc6 11. Nxc6 Qxc6 12. Nd2 Bxd3 13. cxd3 Qa6 14. 0-0 Qxd3 1/2-1/2

[Event "Dubna op"]
[Site "Dubna"]
[Date "2007.08.09"]
[Round "10"]
[White "Khrustalev, Alexsander"]
[Black "Lugovoy, Dmitry"]
[Result "1/2-1/2"]
[WhiteElo "1932"]
[BlackElo "2010"]
[PlyCount "107"]
[EventDate "2007.08.02"]
[EventType "swiss"]
[EventRounds "14"]
[EventCountry "RUS"]
[SourceTitle "EXT 2008"]
[Source "ChessBase"]
[SourceDate "2007.11.25"]
[SourceVersion "1"]
[SourceVersionDate "2007.11.25"]
[SourceQuality "1"]

1. b4 e5 2. Bb2 Bxb4 3. Bxe5 Nf6 4. a3 Be7 5. e3 Nc6 6. Bb2 0-0 7. Nf3 d5 8. Be2 Ne4 9. d3 Nc5 10. Nbd2 Na4 11. Qc1 Nxb2 12. Qxb2 Bf6 13. d4 Na5 14. 0-0 c5 15. c4 Bg4 16. cxd5 cxd4 17. exd4 Qxd5 18. Qb5 Qxb5 19. Bxb5 Rfd8 20. Rac1 Bxd4 21. Rfe1 a6 22. Be2 Bb2 23. Rc5 b5 24. a4 Ba3 25. Rg5 Bxf3 26. Nxf3 Be7 27. Re5 Bd6 28. Rg5 Be7 29. Re5 Bd6 30. Rg5 h6 31. Rg4 b4 32. Nd4 Bc5 33. Nf5 g6 34. Nxh6+ Kg7 35. Nf5+ Kf6 36. Ne3 Rd2 37. Rf4+ Kg7 38. Nc4 Nxc4 39. Bxc4 f5 40. h4 a5 41. h5 Bd6 42. Rf3 Rc8 43. Bb3 Rc3 44. Rxc3 bxc3 45. hxg6 Kxg6 46. Rc1 Be5 47. g3 Rb2 48. Bc2 Kf6 49. Kf1 f4 50. Kg2 Kg5 51. Kf3 fxg3 52. fxg3 Ra2 53. Ke4 Bxg3 54. Bb3 1/2-1/2